000 00290nam a2200121Ia 4500
008 220204s9999 xx 000 0 und d
082 _a77.021.17
_bWAL
100 _aErnest
245 0 _aTechnique of film cutting room
260 _aLondon
_bFocal
_c1973
505 _aSet price
942 _cBK
999 _c36189
_d36189